Committee General Knowledge - Statistics

General Stats
  • This quiz has been taken 7 times
  • The average score is 5 of 10
Answer Stats
Hint Answer % Correct
What year did the film La Haine release 1995
67%
Who won the All Ireland Hurling Final in 1994 Offaly
67%
What is the second most populous city in Pakistan Lahore
50%
What famous French mathematician/philosopher are cartesian coordinates named for Rene Descartes
50%
What is the name of the cathedral in Kilkenny city St Canices
50%
What book is this the opening line: "In my younger and more vulnerable years". The Great Gatsby
50%
What year did the Normans invade Ireland 1169
33%
Who said this quote "Ask not what your country can do for you but what you can do for your country" JFK
33%
What society invented the wheel Sumerian
33%
What position have these people all held: Antonio Guterres, Ban-Ki Moon and Kofi Annan UN Secretary General
17%
No matching quizzes found
Score Distribution
Percent of People with Each Score
Percentile by Number Answered
Your Score History
You have not taken this quiz